000 00687nam a2200217Ia 4500
005 20241129111031.0
008 241129s9999||||xx |||||||||||||| ||und||
020 _a978939367191
037 _aTB
040 _aCRL
_bhin
_cCRL
041 _ahin
_2hin
084 _aO152,3x Q8
_qCRL
100 _aपल्लव संपा.
245 0 _aएक दो तीन
_cपल्लव संपा.
260 _aदिल्ली, भारत
_bदिल्लीए राजपाल एण्ड सन्ज़ए
_c2018
300 _a144पृ0
365 _aINR
_b195
650 _aHindi Literature
_923866
942 _cTB
_hO152,3x Q8
999 _c1228631
_d1228631